駅名に「来」を含む駅 - Statistics

General Stats
  • This quiz has been taken 96 times
  • The average score is 7 of 18
Answer Stats
Hint Answer % Correct
潮来市 潮来
82%
熱海市 来宮
82%
安来市 安来
82%
長岡市 来迎寺
55%
いわき市 勿来
53%
音威子府村 咲来
49%
上富田町 朝来
45%
いちき串木野市 市来
42%
松江市 来待
38%
安平町 早来
31%
木更津市 馬来田
29%
日置市 東市来
25%
大山町 御来屋
22%
白山市 鶴来
21%
函館市 宝来町
14%
大阪市 出来島
13%
大分市 賀来
9%
竹田市 玉来
8%
No matching quizzes found
Score Distribution
Percent of People with Each Score
Percentile by Number Answered
Your Score History
You have not taken this quiz